| 000 | 01230nam0a22002531i 4500 | ||
|---|---|---|---|
| 001 | rc\3675138 | ||
| 005 | 20260407091750.0 | ||
| 021 |
_aRU _b[70-3889а] |
||
| 035 | _a(NLR Aleph) 007747898 | ||
| 090 |
_a7231611 _c7231611 |
||
| 100 | _a20130115d1970 |||y0rusy50 ca | ||
| 101 | 0 | _arus | |
| 102 | _aRU | ||
| 105 | _ay d |||c| | ||
| 200 | 1 |
_aИстория Тульского патронного завода (1880-1917 гг.) _eОчерки деятельности монополист. капитала в частной патронной пром-сти России _eАвтореф. дис. на соискание учен. степени канд. ист. наук _e(571) _fМоск. обл. пед. ин-т им. Н.К. Крупской |
|
| 210 |
_aМосква _d1970 |
||
| 215 | _a24 с. | ||
| 532 | 1 | 1 | _aИстория Тульского патронного завода тысяча восемьсот восьмидесятый -1917 гг. |
| 700 | 1 |
_aКоролев _bА.А. _f1940- _gАнатолий Акимович |
|
| 712 | 0 | 2 |
_aТульский патронный завод _9599120 _3RU\NLR\AUTH\8810049495 |
| 801 | 0 |
_aRU _bNLR _gpsbo |
|
| 801 | 1 |
_aRU _bELAR _2rusmarc |
|
| 852 |
_aNLR _j70-4/4231 |
||
| 942 | _cBOOK | ||